Le Café - Oldelaf - Paroles - Statistiques

Statistiques générales
  • Ce quiz a été pris 32 fois
    30 depuis la dernière actualisation
  • Le résultat moyen est 269 sur 334
Statistiques - réponses
Réponse % Correct
A
100%
à
100%
ça
100%
Ca
100%
café
100%
je
100%
Je
100%
ma
100%
Ma
100%
Pour
100%
pour
100%
bien
96%
comme
96%
commencer
96%
de
96%
est
96%
Et
96%
et
96%
journée
96%
La
96%
la
96%
le
96%
Le
96%
Mais
96%
mais
96%
me
96%
mon
96%
se
96%
un
96%
Un
96%
vous
96%
Vous
96%
ce
91%
en
91%
petite
91%
Prends
91%
que
91%
qu’il
91%
secrétaire
91%
y
91%
aller
87%
arabica
87%
bureau
87%
con
87%
corsé
87%
elle
87%
heure
87%
Il
87%
il
87%
kawa
87%
Les
87%
les
87%
lever
87%
87%
pause
87%
peu
87%
peut
87%
réveiller
87%
suis
87%
tu
87%
viens
87%
avance
83%
bon
83%
du
83%
êtes
83%
fais
83%
fait
83%
fort
83%
gosse
83%
j’ai
83%
J’ai
83%
l’aimez
83%
maintenant
83%
Mes
83%
mes
83%
moi
83%
noir
83%
on
83%
peux
83%
plus
83%
pris
83%
rentre
83%
Une
83%
aimée
78%
avez
78%
bois
78%
crie
78%
dans
78%
dit,
78%
est-ce
78%
faut
78%
huit
78%
jours
78%
l’heure
78%
par
78%
pousse
78%
prendre
78%
p’tit
78%
quai
78%
s’emballe
78%
sens
78%
sont
78%
sur
78%
tout
78%
vas
78%
Au
74%
au
74%
cherché
74%
collègues
74%
déca
74%
enfermé
74%
Etant
74%
fenêtre
74%
forcé
74%
jette
74%
J’la
74%
j’la
74%
j’me
74%
l’avait
74%
moins
74%
Papa
74%
papa
74%
pourrait
74%
premier
74%
Prenons
74%
reprends
74%
retard
74%
s’ennuyer
74%
temps
74%
bureaux
70%
calme
70%
change
70%
classe
70%
cuisine
70%
d’en
70%
envie
70%
inquiété
70%
jusqu’à
70%
j’viens
70%
l’temps
70%
maison
70%
mince
70%
plait
70%
quart
70%
reste
70%
seul
70%
s’il
70%
s’met
70%
vides
70%
arrivent
65%
chialer
65%
d’affaire
65%
d’café
65%
d’sauter
65%
entre,
65%
m’adapter
65%
marrent,
65%
parka
65%
près
65%
qu’ils
65%
René
65%
repas
65%
sais
65%
stressé
65%
super
65%
taxi
65%
vieille
65%
avant
61%
bosser
61%
cigare
61%
deviné
61%
flics
61%
J’enfile
61%
J’m’enferme
61%
J’suis
61%
l’monde
61%
Paris
61%
Putain
61%
quatorze
61%
quoi
61%
avoué
57%
chier
57%
commande
57%
faire
57%
p’tite
57%
qu’je
57%
sers
57%
vont
57%
agresser
52%
Alors
52%
Appellent
52%
arrêter
52%
détends-toi
52%
d’me
52%
faudrait
52%
J’lui
52%
j’reprends
52%
tête
52%
troquet
52%
dorme
48%
fini
48%
fois
48%
l’métro
48%
m’choper
48%
recaféiné
48%
casse
43%
cloue
43%
portes
43%
sentier
43%
Attend
39%
crevés
39%
dès
39%
T’façon
39%
file
35%
J’arrive
35%
vois
35%
t’vas
17%
Aucun quiz correspondant
Distribution des résultats
% des personnes avec chaque résultat
Percentile par nombre de réponses
Votre historique - résultats
Vous n’avez pas pris ce quiz depuis la dernière actualisation